| 000 | 00828cab a2200241 4500 | ||
|---|---|---|---|
| 001 | WB3422-48 | ||
| 008 | 090401t1998 xxu||||| |||| 00| 0 eng d | ||
| 035 | _a(Sirsi) u86772 | ||
| 041 | _aeng | ||
| 245 | _aSet-aside acreage doubled | ||
| 260 | _c1998 | ||
| 350 | _a0 | ||
| 490 |
_aBirmingham Post _v11 June 1998, 33(1) |
||
| 520 | _aA tenth of all farmland across Europe could be lying idle next year with farmers paid to keep it that way following European Commission proposals to withdraw 10% of EU arable land from production for the 1999 harvest. | ||
| 650 | _aPROPERTY-RURAL AND NATURAL ASSETS-AGRICULTURAL PROPERTY-AGRICULTURAL LAND-ARABLE LAND | ||
| 650 | _aEU | ||
| 650 | _aEUROPEAN UNION | ||
| 650 | _aFARMLAND | ||
| 650 | _aSET ASIDE | ||
| 690 | _aRURAL PRACTICE | ||
| 942 | _n0 | ||
| 948 | _c11/06/1998 | ||
| 999 |
_c54645 _d54645 |
||